• 首页
  • 本馆介绍
  • 公告通知
  • 最新文献
  • 馆藏检索
  • 电子资源
  • 读者导购
  • 参考咨询
  • 我的图书馆
  • 登录
  • 详细信息显示
  • 放入我的书架
  • 预约/预借图书
  • 作者相关作品
  • 分类相关作品
  • 丛书相关作品
  • 出版社相关作品

书目信息

  • 表格格式
  • 工作单格式
  • 卡片格式
题名:
史记故事
    
 
作者: 文若愚 编著
分册:  
出版信息: 北京   中国华侨出版社  2016
页数: 369页
开本: 25cm
丛书名:
单 册:
中图分类: K204.2-49
科图分类:
主题词: 中国历史--古代史--纪传体--通俗读物
电子资源:
ISBN: 978-7-5113-5489-1
000 00805nam0 2200229 450
001 012001002089
005 20140926114740.0
010    @a978-7-5113-5489-1@b精装@dCNY58.00
100    @a20170328d2016 em y0chiy50 ea
101 0  @achi
102    @aCN@b110000
105    @aa z 000yy
106    @ar
200 1  @a史记故事@9shi ji gu shi@f文若愚编著
210    @a北京@c中国华侨出版社@d2016
215    @a369页@c图@d25cm
330    @a本书遴选了《史记》的本纪、世家、列传中最为人所称道的精华篇章,基本按照时间顺序,将其进行精准的译白,用通俗而不失文采的语言诠释历史,精彩扼要地勾勒出历史演进的基本脉络和发展历程。
606 0  @a中国历史@x古代史@j纪传体@j通俗读物
690    @aK204.2-49@v5
701  0 @a文若愚@9wen ruo yu@4编著
801  0 @aCN@b上海新华@c20180901
905    @b1157475-9@dK204.2-49@e294@f5
    
    史记故事/文若愚编著.-北京:中国华侨出版社,2016
    369页:图;25cm
    
    
    ISBN 978-7-5113-5489-1(精装):CNY58.00
    本书遴选了《史记》的本纪、世家、列传中最为人所称道的精华篇章,基本按照时间顺序,将其进行精准的译白,用通俗而不失文采的语言诠释历史,精彩扼要地勾勒出历史演进的基本脉络和发展历程。
●
相关链接 在E读中查询图书 在五车中查询图书 在当当中查询图书 在豆瓣中查询图书


正题名:史记故事     索取号:K204.2-49/294         预约/预借

序号 登录号 条形码 馆藏地/架位号 状态 备注
1 1157475   211574759   第二样本阅览室/ [索取号:K204.2-49/294] 在馆    
2 1157476   211574768   密集书库-史法系/ [索取号:K204.2-49/294] 在馆    
3 1157477   211574777   第二借阅区/ [索取号:K204.2-49/294] 在馆    
4 1157478   211574786   第二借阅区/ [索取号:K204.2-49/294] 在馆    
5 1157479   211574795   第二借阅区/ [索取号:K204.2-49/294] 在馆    
唐山师范学院图书馆 欢迎您!
大连网信软件有限公司© 版权所有